Statistics for 10 busiest railway stations in UK

Click here to take the quiz!

General Stats

  • This quiz has been taken 341 times
  • The average score is 7 of 10

Answer Stats

HintAnswer% Correct
9London King's Cross
88%
5London Euston
82%
1London Waterloo
81%
7Birmingham New Street
79%
2London Victoria
76%
8London Paddington
75%
3London Liverpool Street
60%
4London Bridge
55%
10Clapham Junction
43%
6Stratford
22%

Score Distribution

Percentile by Number Answered

Percent of People with Each Score

Your Score History

You have not taken this quiz